Language Quiz

Random Language Quiz

Finnish cases Quiz Stats

 Plays Quiz not verified by Sporcle

Challenge
Share
Tweet
Embed
Score 0/15 Timer 06:00
0 Plays Today
Finnish example Case % Correct
Koiranominatiivi
95%
Koirangenetiivi
90%
Koiraapartitiivi
87.5%
Koiraanillatiivi
82.5%
Koira / koiranakkusatiivi
80%
Koirassainessiivi
80%
Koirastaelatiivi
80%
Koiraltaablatiivi
77.5%
Finnish example Case % Correct
Koirallaadessiivi
72.5%
Koiralleallatiivi
67.5%
Koiranaessiivi
65%
Koiraksitranslatiivi
62.5%
Koirin (plural)instruktiivi
47.5%
Koirineen (plural)komitatiivi
45%
Koirattaabessiivi
40%

You're not logged in!

Compare scores with friends on all Sporcle quizzes.
OR
Log In

You Might Also Like...

Show Comments

Extras

Top Quizzes Today


Score Distribution

Your Account Isn't Verified!

In order to create a playlist on Sporcle, you need to verify the email address you used during registration. Go to your Sporcle Settings to finish the process.

Report this User

Report this user for behavior that violates our Community Guidelines.

Details: